000 00454nam a2200181Ia 4500
001 24780
005 20260414151106.0
008 260414t2003||||xx |||||||||||||| ||spa||
041 _aESP
082 _a345.733
_bS17
100 _aSalazar Puente de la Vega, Mercedes
_eAUT
245 0 _aApuntes sobre la función notarial
_b
260 _c2003
300 _a116 páginas :
_c20 cm.
650 _aDER
654 _aCDE
942 _cLIB
_dJUS
_fJUS
_2ddc
_n
999 _c24780
_d24780